00681nam a22001937a 450000500170000001000150001702000260003203500140005803700090007208200110008110000250009224500680011726000340018527000740021930000220029394200250031599900190034095201280035920250704123838.0 aENG-145651 c400.00a9788119524334 aEN-129183 bDBAD a332.12 aPandya Bhavin982586 aUnlocking Consumer Choices /cBhavin Pandya [et.al] Krupa Mehta aKolkatabExceller booksc2024 aG1, Dream Apartment, Degree College Road, Belgharia bKolkatae700056 a184p.c21.4cm(pb) 2ddccENh332.12mPAN c212084d212084 001040708NFICaZLSbZLSd2025-07-04eDBADg400.00l0o332.12 PANpEN-129183r2025-07-04 00:00:00v400.00w2025-07-04yEN